NOVÉ SMERY VO VÝROBE VÁPNA

Bibliographic Details
Main Author: Rosa, Jozef (Author)
Format: Article
Language:Slovak

MARC

LEADER 00000nab a2200000uu 4500
001 vtls011484711
003 SK-MaSNL
005 20260303155327.0
008 230222|1956 xo |||||||||||||||||slo|
015 |a SNBRB 
035 |a (urnnbn)urn:nbn:sk:snk:ar-0077tk 
035 |a (uuid)3ebc8974-35a0-4ae0-8e5b-0a401789c238 
035 |a urn:nbn:sk:snk-abdb8y 
040 |a SNKBUCL  |b slo  |c SNKBUCL  |e AACR2 
041 0 |a slo 
044 |a xo  |c SK 
100 1 |a Rosa, Jozef  |4 aut  |9 470699 
245 1 0 |a NOVÉ SMERY VO VÝROBE VÁPNA  |c Jozef Rosa 
773 0 |t Stavba : časopis pre techniku a ekonomiku stavebníctva  |g Roč. 3, č. 8 (1956), s. 236-238 
954 |a odborná, vedecká literatúra pôvodná (slovenská)  |2 lita 
958 |a OND 
958 |a EUIPO 
958 |a article18 
999 |c 2039607  |d 2041537